000 00731nam a2200229Ia 4500
003 OSt
005 20220923220928.0
006 a|||||r|||| 00| 0
007 ta
008 220922b |||||||| |||| 00| 0 hin d
024 _a192,361
037 _cTextual
040 _aARTS
_cARTS
_bhin
041 _2hin
_ahin
082 _aT3:Y1, 152J3
100 _aजौहरी, उर्मिला
_9156279
245 0 _aप्रौढ़ और सामाजिक शिक्षा के नये प्रयोग
246 _aPrauढ़ aur sāmājik shikṣhā ke naye prayoga
260 _c1953
942 _hT3:Y1, 152J3
_cTEXL
_2CC
999 _c344981
_d344981